दीपाची धडक (Record no. 1052292)

MARC details
000 -LEADER
fixed length control field 00572nam a2200181Ia 4500
008 - FIXED-LENGTH DATA ELEMENTS--GENERAL INFORMATION
fixed length control field 151018s9999 xx 000 0 und d
082 ## - DEWEY DECIMAL CLASSIFICATION NUMBER
Item number RBASDV56853
Classification number 891.463
100 ## - MAIN ENTRY--PERSONAL NAME
Personal name हेमचंद्र साखळकर
245 ## - TITLE STATEMENT
Title दीपाची धडक
250 ## - EDITION STATEMENT
Remainder of edition statement 1
260 ## - PUBLICATION, DISTRIBUTION, ETC. (IMPRINT)
Name of publisher, distributor, etc अक्षरदिप
Date of publication, distribution, etc 2010
300 ## - PHYSICAL DESCRIPTION
Extent 95
600 ## - SUBJECT ADDED ENTRY--PERSONAL NAME
Personal name हेमचंद्र साखळकर
630 ## - SUBJECT ADDED ENTRY--UNIFORM TITLE
Uniform title दीपाची धडक
700 ## - ADDED ENTRY--PERSONAL NAME
Personal name हेमचंद्र साखळकर
730 ## - ADDED ENTRY--UNIFORM TITLE
Uniform title दीपाची धडक
942 ## - ADDED ENTRY ELEMENTS (KOHA)
Koha item type Book
Holdings
Withdrawn status Lost status Damaged status Not for loan Home library Current library Date acquired Cost, normal purchase price Total Checkouts Full call number Barcode Date last seen Cost, replacement price Price effective from Koha item type
        R.B. Anant Shivaji Desai Vachanalaya and Granthalaya, Kudal R.B. Anant Shivaji Desai Vachanalaya and Granthalaya, Kudal 06/20/2012 18.00   RBASDV56853 RBASDV56853 10/18/2015 18.00 10/18/2015 Book